Teams That Ronaldo or Messi Have Played For - Sudden Death - Statistics

General Stats
  • This quiz has been taken 1,557 times
  • The average score is 9 of 10
Answers on the Grid
Answers color-coded by a green-red scale on the quiz's grid according to % correct below.
AC Milan
Ajax
Al Hilal
Al Nassr
Argentina
Arsenal
Atlético Madrid
Barcelona
Bayern Munich
Benfica
Brazil
Chile
Internazionale
Inter Miami
Juventus
LAFC
Liverpool
Manchester City
Manchester United
Olympique Lyonnais
Paris Saint-Germain
Porto
Portugal
Real Madrid
River Plate
Roma
Santos
Spain
Sporting CP
Uruguay
 
Answer Stats
Answer % Correct
Argentina
95%
Barcelona
95%
Al Nassr
94%
Inter Miami
91%
Juventus
90%
Manchester United
90%
Portugal
90%
Real Madrid
90%
Paris Saint-Germain
88%
Sporting CP
85%
No matching quizzes found
Score Distribution
Percent of People with Each Score
Percentile by Number Answered
Your Score History
You have not taken this quiz